|
|
|
|
| LEADER |
00000cam a2200000 7i4500 |
| 001 |
0000010737 |
| 005 |
20050419.0 |
| 020 |
|
|
|a 967656981X
|
| 040 |
|
|
|a INS
|
| 090 |
0 |
0 |
|a LB3058
|b M4 2002
|
| 100 |
1 |
|
|a Ee Ah Meng
|
| 245 |
1 |
0 |
|a Pedagogi IV (semester IV)
|c Ee Ah Meng
|
| 250 |
|
|
|a Edisi Kedua
|
| 260 |
|
|
|a Shah Alam :
|b Penerbit Fajar Bakti ,
|c c2002
|
| 300 |
|
|
|a vi, 342p. :
|b ill. ;
|c 22cm.
|
| 440 |
|
0 |
|a Siri Diploma Pengurusan
|
| 500 |
|
|
|a Includes bibliographical references (p. 340 - 342)
|
| 650 |
0 |
0 |
|a Education test and measurements
|z Malaysia
|
| 650 |
0 |
0 |
|a Grading and marking (students)
|z Malaysia
|
| 650 |
0 |
0 |
|a Remedical teaching
|z Malaysia
|
| 650 |
0 |
0 |
|a Special education
|z Malaysia
|
| 999 |
|
|
|a 0000012712
|b BOOK
|c Open Shelf
|e Default branch
|